000 00449nam a22001697a 4500
003 LK-CoDNM
005 20250619142020.0
008 250619b |||||||| |||| 00| 0 eng d
040 _aLK-CoDNM
_dLK-CoDNM
_eLK-CoDNM
041 _apli
080 _a9
_bJJ3
245 _aඅභිමාර්ත සංග්‍රහය/ Abimartha sangrahaya
300 _afolls106,44cm
650 _apalm leaf
650 _aපුස්කොල
942 _cPL
999 _c239752
_d239752